Представление документа в формате MARC21

ПолеНазваниеЗначение
  Тип записи a
  Библиографический уровень m
001 Контрольный номер BIBLIOCLUB\0000718014
005 Дата корректировки 20260430154902.5
006 m o d
007 Элементы данных для физической характеристики c|||||||||||||
008 Кодируемые данные s2024 rus o rus d
020 Индекс ISBN __
a ISBN 978-5-8158-2378-5
041 Код языка издания 0_
a Код языка текста rus
084 Индекс другой классификации/Индекс ББК __
a Индекс другой классификации/Индекс ББК 43.4я73
b Номер единицы LBC/PL
2 Источник индекса rubbk
245 Заглавие 10
a Заглавие Планирование и проектирование лесовосстановления на лесном участке
b Продолж. заглавия учебно-методическое пособие
c Ответственность Л. В. Черных, Д. В. Черных, Н. Н. Попова, А. В. Попова
c Ответственность Поволжский государственный технологический университет
260 Выходные данные __
a Место издания Йошкар-Ола
b Издательство Поволжский государственный технологический университет
c Дата издания 2024
300 Физическое описание __
a Объем 90 с.
b Иллюстрации/ тип воспроизводства ил., табл.
504 Библиография __
a Библиография библиогр.: с. 56 - 58.
653 Ключевые слова 1_
a Ключевые слова Учебник для высшей школы
700 Другие авторы _1
a Другие авторы Попова А. В.
700 Другие авторы _1
a Другие авторы Попова Н. Н.
700 Другие авторы _1
a Другие авторы Черных Д. В.
700 Другие авторы _1
a Другие авторы Черных Л. В.
856 Электронный адрес документа 40
3 Область применения данных поля Университетская библиотека ONLINE
u URL https://biblioclub.ru/index.php?page=book&id=718014
900 Электронные ресурсы __
a Имя электронного ресурса https://img.biblioclub.ru/sm_cover/b57c48722cf53058f91238e256d7200ed1a31dcc1a/cover.jpg